|
|
|
|
| LEADER |
00000nam0a2200000 4500 |
| 001 |
86678 |
| 005 |
20231101213508.0 |
| 035 |
|
|
|a (RuTPU)RU\TPU\book\93077
|
| 090 |
|
|
|a 86678
|
| 100 |
|
|
|a 20051129d1967 km y0rusy50 ca
|
| 101 |
0 |
|
|a rus
|
| 102 |
|
|
|a RU
|
| 105 |
|
|
|a a z 001zy
|
| 200 |
1 |
|
|a Метод макроавторадиографии
|f В. И. Коробков
|
| 210 |
|
|
|a Москва
|c Высшая школа
|d 1967
|
| 215 |
|
|
|a 184 с.
|c ил.
|
| 320 |
|
|
|a Библиогр.: с. 180-181
|
| 606 |
1 |
|
|a Радиография
|x (физика)
|2 stltpush
|3 (RuTPU)RU\TPU\subj\22647
|9 47371
|
| 610 |
1 |
|
|a радиография
|
| 610 |
1 |
|
|a физика
|
| 610 |
1 |
|
|a авторадиография
|
| 610 |
1 |
|
|a фотографические методы
|
| 610 |
1 |
|
|a применение
|
| 675 |
|
|
|a 539.16.04
|v 3
|
| 700 |
|
1 |
|a Коробков
|b В. И.
|g Виктор Иванович
|
| 801 |
|
1 |
|a RU
|b 63413507
|c 20051129
|g PSBO
|
| 801 |
|
2 |
|a RU
|b 63413507
|c 20180609
|g PSBO
|
| 942 |
|
|
|c BK
|